Statistics for Every Macklemore & Ryan Lewis Song on the Billboard Hot 100

Click here to take the quiz!

General Stats

  • This quiz has been taken 32 times
  • The average score is 4 of 5

Answer Stats

#YearSong% Correct
12013Can't Hold Us ft. Ray Dalton
100%
12013Thrift Shop ft. Wanz
100%
112013Same Love ft. Mary Lambert
62%
122015Downtown ft. Eric Nally, Melle Mel, Kool Moe Dee & Grandmaster Caz
54%
152013White Walls ft. ScHoolboy Q & Hollis
46%

Score Distribution

Percentile by Number Answered

Percent of People with Each Score

Your Score History

You have not taken this quiz